书目信息 |
| 题名: |
明明白白睡眠
|
|
| 作者: | 李国 , 杨威 , 刘艳骄 编 | |
| 分册: | ||
| 出版信息: | 北京 化学工业出版社 2007.02 |
|
| 页数: | 217页 | |
| 开本: | 21cm | |
| 丛书名: | ||
| 单 册: | ||
| 中图分类: | R749.7 | |
| 科图分类: | ||
| 主题词: | 睡眠障碍--shui mian zhang ai--治疗 | |
| 电子资源: | ||
| ISBN: | 978-7-5025-9703-0 | |
| 000 | 00801nam0 2200241 450 | |
| 001 | 012007116423 | |
| 005 | 20070926161839.48 | |
| 010 | @a978-7-5025-9703-0@dCNY15.00 | |
| 100 | @a20070710d2007 km y0chiy0120 ea | |
| 101 | 0 | @achi |
| 102 | @aCN@b110000 | |
| 105 | @ay z 000yy | |
| 200 | 1 | @a明明白白睡眠@Aming ming bai bai shui mian@f刘艳骄, 李国, 杨威编@Fliu yan jiao,li guo,yang wei bian |
| 210 | @a北京@c化学工业出版社@d2007.02 | |
| 215 | @a217页@d21cm | |
| 330 | @a本书介绍了治疗睡眠障碍的方法。睡眠是人类不可缺少的生理过程,睡眠可以使人的精力充沛,工作效力提高。 | |
| 606 | 0 | @a睡眠障碍@Ashui mian zhang ai@x治疗 |
| 690 | @aR749.7@v4 | |
| 701 | 0 | @a李国@Ali guo@4编 |
| 701 | 0 | @a杨威@Ayang wei@4编 |
| 701 | 0 | @a刘艳骄@Aliu yan jiao@4编 |
| 801 | 0 | @aCN@c20070926 |
| 905 | @dR749.7@eL702 | |
| 明明白白睡眠/刘艳骄, 李国, 杨威编.-北京:化学工业出版社,2007.02 |
| 217页;21cm |
| ISBN 978-7-5025-9703-0:CNY15.00 |
| 本书介绍了治疗睡眠障碍的方法。睡眠是人类不可缺少的生理过程,睡眠可以使人的精力充沛,工作效力提高。 |
| ● |
| 相关链接 |
|
|
|
正题名:明明白白睡眠
索取号:R749.7/L702
 
预约/预借
| 序号 | 登录号 | 条形码 | 馆藏地/架位号 | 状态 | 备注 |
| 1 | 244812 | 202448128 | 自科库401/401自科库 21排3列4层/ [索取号:R749.7/L702] | 在馆 | |
| 2 | 244813 | 202448137 | 自科库401/401自科库 21排3列4层/ [索取号:R749.7/L702] | 在馆 |